=LDR 00000nam 2200000 4500 =001 INLIS000000000003659 =005 20130612091949 =008 ***********************************Ind** =035 ##$$0010-061300000003659 =041 ##$$a Ind =082 ##$$a 510 =090 ##$$a 510, Kip p =100 ##$$a Kifli, Bukhori =245 ##$$a Prinsip-prinsip matematika, Buchori Kifli, Mustofa Umar =260 ##$$a 1985 $b Bandung =300 ##$$a ix, 242 hlm., ilus., 21 cm =650 ##$$a Matematika =650 ##$$a Teori =700 ##$$a Usman, Mustofa =850 ##$$a NBPNMAT